Nerfs Crâniens - Statistiques

Statistiques générales
  • Ce quiz a été pris 92 fois
  • Le résultat moyen est 8 sur 12
Statistiques - réponses
Numero Nom % Correct
V trijumeau
87%
I olfactif
84%
X vague
81%
VI abducens
77%
II optique
77%
XII hypoglosse
74%
VII facial
71%
III oculomoteur
71%
XI accessoire
68%
IV trochleaire
55%
IX glossopharyngien
45%
VIII cochleo-vestibulaire
29%
Aucun quiz correspondant
Distribution des résultats
% des personnes avec chaque résultat
Percentile par nombre de réponses
Votre historique - résultats
Vous n’avez pas pris ce quiz